| 000 | 00511nam a2200205Ia 4500 | ||
|---|---|---|---|
| 005 | 20240823054012.0 | ||
| 008 | 240823s9999||||xx |||||||||||||| ||und|| | ||
| 020 | _a978-81-8318-945-3 | ||
| 041 | _aENGLISH | ||
| 082 | _A682 P8 | ||
| 100 | _aKishore C Padhy | ||
| 245 | 2 | _aA Dictionary of Business Quotations | |
| 250 | _a1st | ||
| 260 |
_c2008 _b"Himalaya Publishing House, M" |
||
| 500 | _aYES | ||
| 650 |
_aBusiness _bManagement Studies |
||
| 700 | _a Madhuchhanda | ||
| 942 | _cBK | ||
| 999 |
_c225441 _d225441 |
||